[Event "Festival Carnevale d'Europa"]
[Site "Cento ITA"]
[Date "2011.02.07"]
[Round "3"]
[White "Gromovs, Sergejs"]
[Black "De Andres Gonalons, Fernando"]
[WhiteElo "2284"]
[BlackElo "2084"]
[Result "1/2-1/2"]
[PlyCount "130"]
[EventDate "2011.02.05"]

1. c4 e6 2. d4 d5 3. Nc3 dxc4 4. e3 Nf6 5. Bxc4 c5 6. Nf3 a6 7. a4 Nc6 8. O-O
Be7 9. Qe2 cxd4 10. Rd1 e5 11. exd4 exd4 12. b4 O-O 13. b5 axb5 14. Nxb5 Bg4
15. Bf4 Rc8 16. h3 Bxf3 17. Qxf3 Bc5 18. Rac1 Qb6 19. Bd3 Ne7 20. a5 Qxa5 21.
Rxc5 Rxc5 22. Bd6 Rxb5 23. Bxb5 Qxb5 24. Bxe7 Re8 25. Bxf6 gxf6 26. Rxd4 f5 27.
Rd5 Qb1+ 28. Kh2 Qe4 29. Qxf5 Qxf5 30. Rxf5 Re2 31. f4 Rb2 32. h4 Kg7 33. Kh3
Kg6 34. Rg5+ Kf6 35. Rh5 Kg6 36. Rd5 h5 37. Rg5+ Kh6 38. Rd5 f6 39. f5 b5 40.
Kg3 Kg7 41. Rd7+ Kg8 42. Kf3 Rb3+ 43. Ke4 Rg3 44. Rd2 Rg4+ 45. Kd5 Kf7 46. Rc2
Rxh4 47. Rc7+ Kg8 48. Rb7 Rg4 49. Ke6 Rxg2 50. Kxf6 h4 51. Rxb5 h3 52. Rb8+ Kh7
53. Rb7+ Kg8 54. Rb3 h2 55. Rh3 Re2 56. Rg3+ Kf8 57. Rh3 Kg8 58. Kg5 Rg2+ 59.
Kf4 Rf2+ 60. Kg4 Kg7 61. Rh5 Rg2+ 62. Kf3 Ra2 63. Kg3 Kf6 64. Rxh2 Rxh2 65.
Kxh2 Kxf5 1/2-1/2

[Event "Festival Carnevale d'Europa"]
[Site "Cento ITA"]
[Date "2011.02.07"]
[Round "3"]
[White "Jakovljevic, Vlado"]
[Black "Leon Hoyos, Manuel"]
[WhiteElo "2394"]
[BlackElo "2565"]
[Result "0-1"]
[PlyCount "78"]
[EventDate "2011.02.05"]

1. Nf3 c5 2. c4 Nc6 3. d4 cxd4 4. Nxd4 g6 5. e4 Bg7 6. Be3 Nf6 7. Nc3 O-O 8.
Be2 d6 9. O-O Nxd4 10. Bxd4 Bd7 11. Qd2 Bc6 12. f3 a5 13. b3 Nd7 14. Be3 Nc5
15. Rab1 e6 16. Rfd1 Be5 17. Bf2 Qe7 18. Rbc1 f5 19. exf5 gxf5 20. Bd4 Bxd4+
21. Qxd4 Rad8 22. Rd2 e5 23. Qf2 Ne6 24. Re1 Kh8 25. Bf1 Qg7 26. Kh1 f4 27. Bd3
Nd4 28. Be4 Rf6 29. Red1 Bxe4 30. Nxe4 Rg6 31. Rd3 Rg8 32. R1d2 Qh6 33. Qg1 Nf5
34. c5 d5 35. Rxd5 Nh4 36. Qa1 Nxf3 37. gxf3 Qh5 38. Rf2 h6 39. Rf1 Rg1+ 0-1

[Event "Festival Carnevale d'Europa"]
[Site "Cento ITA"]
[Date "2011.02.07"]
[Round "3"]
[White "Lapenna, Antonio"]
[Black "Malloni, Marcello"]
[WhiteElo "2137"]
[BlackElo "2285"]
[Result "0-1"]
[PlyCount "144"]
[EventDate "2011.02.05"]

1. Nf3 Nf6 2. g3 b5 3. d4 e6 4. Bg2 Bb7 5. O-O Be7 6. c4 bxc4 7. Qa4 O-O 8.
Qxc4 d5 9. Qc2 Nbd7 10. b4 a5 11. b5 c6 12. a4 Qb6 13. Ba3 Bxa3 14. Nxa3 c5 15.
e3 Rfc8 16. Qb2 Rc7 17. Rac1 Rac8 18. Nb1 cxd4 19. exd4 Ne4 20. Rxc7 Qxc7 21.
Nfd2 Qc2 22. Qxc2 Rxc2 23. Nb3 Nd6 24. Nxa5 Nb6 25. Nb3 Nxa4 26. Na3 Ra2 27.
Ra1 Rxa1+ 28. Nxa1 Nc3 29. Bf1 Kf8 30. f3 Bc8 31. Kf2 Bd7 32. b6 Na4 33. Nb3
Nxb6 34. Nc5 Nf5 35. Nc2 Ba4 36. Nxa4 Nxa4 37. Bd3 Nd6 38. Ke3 h6 39. h4 Nb2
40. Be2 Nf5+ 41. Kf2 Ke7 42. h5 Na4 43. Bd3 Nd6 44. Ne3 Nb6 45. f4 Ne8 46. g4
f6 47. Kg3 Nd6 48. Kf3 Nf7 49. Bb5 Nd6 50. Bd3 Ndc8 51. Nc2 Na7 52. Nb4 Nac8
53. Nc2 Nd6 54. Ne3 Nbc4 55. Nc2 e5 56. fxe5 fxe5 57. Bh7 Kf6 58. Nb4 exd4 59.
Nxd5+ Kg5 60. Nc7 Ne5+ 61. Kg3 d3 62. Ne6+ Kf6 63. Nc5 d2 64. Bc2 Nec4 65. Kf2
Ke5 66. Ke2 Kd5 67. Nd3 Kd4 68. Nf4 Kc3 69. Bd1 Nb5 70. Nd5+ Kd4 71. Ba4 Nc3+
72. Nxc3 Kxc3 0-1

[Event "Festival Carnevale d'Europa"]
[Site "Cento ITA"]
[Date "2011.02.07"]
[Round "3"]
[White "Litrico, Paolo"]
[Black "Madani, Kamran"]
[WhiteElo "1954"]
[BlackElo "2242"]
[Result "0-1"]
[PlyCount "42"]
[EventDate "2011.02.05"]

1. d4 d6 2. Nc3 Nf6 3. e4 g6 4. Nf3 Bg7 5. Be3 c6 6. Qd2 b5 7. Bd3 Nbd7 8. Bh6
Bxh6 9. Qxh6 e5 10. dxe5 dxe5 11. O-O Qe7 12. h3 Nc5 13. Qg7 Rg8 14. Qh6 Bb7
15. a3 O-O-O 16. Qe3 g5 17. Nh2 Kb8 18. g3 Bc8 19. g4 h5 20. f3 Ne6 21. Ne2 Nf4
0-1

[Event "Festival Carnevale d'Europa"]
[Site "Cento ITA"]
[Date "2011.02.07"]
[Round "3"]
[White "Maietti, Luca"]
[Black "Govoni, Fausto"]
[WhiteElo "1945"]
[BlackElo "2203"]
[Result "1-0"]
[PlyCount "146"]
[EventDate "2011.02.05"]

1. d4 f5 2. Nf3 Nf6 3. Bg5 g6 4. Nbd2 Bg7 5. Bxf6 exf6 6. e3 d5 7. Bd3 O-O 8.
O-O Nc6 9. c3 Be6 10. Qc2 Qd7 11. Bb5 a6 12. Ba4 b5 13. Bb3 Na5 14. a4 Ra7 15.
axb5 axb5 16. Ra2 Rfa8 17. Rfa1 Bf8 18. Qb1 c6 19. Bc2 Bd6 20. b4 Nc4 21. Rxa7
Rxa7 22. Rxa7 Qxa7 23. Nxc4 dxc4 24. e4 fxe4 25. Bxe4 Bd5 26. Bxd5+ cxd5 27.
Qe1 Kf7 28. g3 Qa2 29. Qd2 Qb1+ 30. Kg2 Qe4 31. Qh6 Kg8 32. Qe3 Kg7 33. Qxe4
dxe4 34. Nd2 f5 35. Nb1 Kf6 36. Na3 Ke6 37. Nxb5 Bf8 38. Na3 Kd5 39. Nc2 Kc6
40. Ne3 Kb5 41. f3 Bh6 42. Kf2 exf3 43. Kxf3 Bg5 44. h3 h5 45. Ke2 Be7 46. Nd5
Bd6 47. Nf4 h4 48. Nxg6 Bxg3 49. Ne5 Bf4 50. Ng6 Bg5 51. Ne5 Bf4 52. Nf3 Bg3
53. Ke3 Kc6 54. Ne5+ Kb5 55. Ke2 Bf4 56. Ng6 Bg5 57. Nf8 Kc6 58. Ne6 Bh6 59.
Nd8+ Kd5 60. b5 Bf4 61. Nc6 Bc7 62. Ne7+ Ke4 63. Nc8 f4 64. b6 f3+ 65. Kf2 Bg3+
66. Kf1 Bf4 67. b7 Bc7 68. Nb6 Kd3 69. Nd5 Bg3 70. Nb4+ Kxc3 71. Nc6 Kd3 72.
Ne5+ Kc3 73. Nc6 Kb3 1-0

[Event "Festival Carnevale d'Europa"]
[Site "Cento ITA"]
[Date "2011.02.07"]
[Round "3"]
[White "Manca, Federico"]
[Black "Salvador, Roland"]
[WhiteElo "2384"]
[BlackElo "2533"]
[Result "1-0"]
[PlyCount "65"]
[EventDate "2011.02.05"]

1. e4 c5 2. c3 g6 3. Nf3 Bg7 4. Bc4 Qc7 5. O-O a6 6. d4 cxd4 7. Qb3 d5 8. Bxd5
e6 9. Bc4 Nc6 10. cxd4 Nxd4 11. Nxd4 Bxd4 12. Rd1 Be5 13. Be3 b5 14. Be2 Bxh2+
15. Kf1 Be5 16. Na3 Nf6 17. Rac1 Qb8 18. Bc5 Nd7 19. Bb4 Qb7 20. g3 h5 21. f4
Bf6 22. Bf3 e5 23. Qd3 Bd8 24. fxe5 a5 25. Bd6 h4 26. e6 hxg3 27. exd7+ Qxd7
28. Qd5 Rh5 29. Qxa8 Bb7 30. Qb8 Rh2 31. Rc7 Qh3+ 32. Ke1 g2 33. Bxh2 1-0

[Event "Festival Carnevale d'Europa"]
[Site "Cento ITA"]
[Date "2011.02.07"]
[Round "3"]
[White "Martinez, Guido"]
[Black "Mueer, Sebastian"]
[WhiteElo "1926"]
[BlackElo "2189"]
[Result "0-1"]
[PlyCount "62"]
[EventDate "2011.02.05"]

1. d4 g6 2. e4 Bg7 3. Nf3 d6 4. Nc3 a6 5. Be3 b5 6. a3 Bb7 7. Be2 Nd7 8. O-O c5
9. Qd2 cxd4 10. Bxd4 Ngf6 11. Rad1 Qc7 12. Rfe1 O-O 13. Bf1 Rad8 14. Nd5 Bxd5
15. exd5 Rfe8 16. Bc3 Rc8 17. Qf4 Nh5 18. Qg4 Bxc3 19. bxc3 Nhf6 20. Qg5 Qxc3
21. Nd4 Rc5 22. Re3 Rxd5 23. Qh4 Qc5 24. Rdd3 Ne5 25. Nb3 Qxc2 26. Rc3 Qf5 27.
Be2 a5 28. Rc1 Rc8 29. Re1 Qc2 30. h3 a4 31. Rc1 axb3 0-1

[Event "Festival Carnevale d'Europa"]
[Site "Cento ITA"]
[Date "2011.02.07"]
[Round "3"]
[White "Monducci, Mirko"]
[Black "Baldazzi, Stefano"]
[WhiteElo "1925"]
[BlackElo "2180"]
[Result "0-1"]
[PlyCount "98"]
[EventDate "2011.02.05"]

1. d4 Nf6 2. Nf3 c5 3. e3 g6 4. c3 b6 5. Bd3 Bb7 6. Nbd2 Bg7 7. O-O O-O 8. Re1
d6 9. e4 Nh5 10. Nf1 e5 11. d5 a6 12. c4 Nf4 13. Bxf4 exf4 14. Rb1 Nd7 15. Qd2
g5 16. g3 Ne5 17. Nxe5 Bxe5 18. Qc2 Bc8 19. Nd2 g4 20. Nf1 Qf6 21. b3 Bd7 22.
gxf4 Qxf4 23. Qc1 Qf6 24. Ng3 Kh8 25. Qd1 Rg8 26. Rf1 Qh4 27. Kh1 Raf8 28. Rg1
f5 29. exf5 Rxf5 30. Rg2 Rf6 31. Qe2 Rgf8 32. Rbg1 Rh6 33. Rf1 Rf3 34. Be4 Qf6
35. Rd1 Rh3 36. Rdg1 Bd4 37. Bxf3 gxf3 38. Qe4 fxg2+ 39. Rxg2 Rh4 40. Qe2 Qe5
41. Qf3 Rf4 42. Qe2 Bh3 43. Qxe5+ Bxe5 44. Rg1 Rxf2 45. a3 Bxg3 46. hxg3 Rf1
47. b4 Kg7 48. b5 a5 49. Kh2 Kf6 0-1

[Event "Festival Carnevale d'Europa"]
[Site "Cento ITA"]
[Date "2011.02.07"]
[Round "3"]
[White "Pierangeli, Andrea"]
[Black "Caruso, Augusto"]
[WhiteElo "1964"]
[BlackElo "2256"]
[Result "0-1"]
[PlyCount "62"]
[EventDate "2011.02.05"]

1. b4 a5 2. b5 a4 3. a3 d5 4. Bb2 c5 5. e3 Nf6 6. c4 d4 7. exd4 cxd4 8. d3 e5
9. Nf3 Bd6 10. Be2 Nbd7 11. O-O Nc5 12. Nbd2 O-O 13. Qc2 h6 14. Rad1 Bf5 15.
Rfe1 e4 16. Nxe4 Nfxe4 17. dxe4 Bxe4 18. Bd3 Bxf3 19. Bh7+ Kh8 20. Rxd4 Qg5 21.
g3 Be5 22. Bf5 Bxd4 23. Bxd4 Rfe8 24. Be3 Re5 25. Bh3 Qh5 26. Bf1 Rae8 27. Bg2
b6 28. Qc3 Bxg2 29. Kxg2 Qg6 30. h4 Qd3 31. Qc1 Qe4+ 0-1

[Event "Festival Carnevale d'Europa"]
[Site "Cento ITA"]
[Date "2011.02.07"]
[Round "3"]
[White "Piscopo, Pierluigi"]
[Black "David, Alberto"]
[WhiteElo "2406"]
[BlackElo "2580"]
[Result "0-1"]
[PlyCount "62"]
[EventDate "2011.02.05"]

1. e4 c5 2. Nf3 e6 3. Qe2 Nc6 4. g3 g6 5. Bg2 Bg7 6. O-O Nge7 7. c3 e5 8. d4
cxd4 9. cxd4 exd4 10. Bf4 d5 11. e5 O-O 12. Na3 Qb6 13. Rad1 Bf5 14. Rfe1 Rfe8
15. Qd2 Be4 16. Nc4 dxc4 17. Rxe4 Rad8 18. Ree1 Nb4 19. Bf1 d3 20. Be3 Qa5 21.
Bg5 Nbc6 22. Qf4 Qc5 23. Re4 b5 24. Bh3 c3 25. bxc3 Nd5 26. Qh4 Nxc3 27. Rc1
Nxe5 28. Nxe5 d2 29. Bxd2 Rxd2 30. Bd7 Qxf2+ 31. Kh1 Qg2# 0-1

[Event "Festival Carnevale d'Europa"]
[Site "Cento ITA"]
[Date "2011.02.07"]
[Round "3"]
[White "Pistone, Salvatore"]
[Black "Vezzelli, Francesco"]
[WhiteElo "1685"]
[BlackElo "1905"]
[Result "0-1"]
[PlyCount "46"]
[EventDate "2011.02.05"]

1. e4 c5 2. b3 e6 3. Bb2 d5 4. exd5 exd5 5. d4 Nf6 6. Nf3 Nc6 7. Be2 Be7 8. O-O
O-O 9. Nbd2 Bf5 10. a3 Rc8 11. dxc5 Bxc5 12. b4 Bb6 13. Nb3 Nxb4 14. Nbd4 Nxc2
15. Nxf5 Nxa1 16. Qxa1 Re8 17. Bd3 Bc5 18. Nxg7 Kxg7 19. Ng5 d4 20. Rc1 Bb6 21.
Qb1 Rxc1+ 22. Bxc1 Re1+ 23. Bf1 Qc8 0-1

[Event "Festival Carnevale d'Europa"]
[Site "Cento ITA"]
[Date "2011.02.07"]
[Round "3"]
[White "Roversi, Stefano"]
[Black "Bonetti, Carlo"]
[WhiteElo "1885"]
[BlackElo "1915"]
[Result "1/2-1/2"]
[PlyCount "85"]
[EventDate "2011.02.05"]

1. e4 e6 2. d3 d5 3. Nd2 c5 4. Ngf3 Nc6 5. g3 Nf6 6. Bg2 Be7 7. O-O O-O 8. Re1
b5 9. exd5 exd5 10. Nf1 Bb7 11. Ne3 Qd7 12. Ng5 h6 13. Bh3 Qc7 14. Nf3 Rfe8 15.
Nf5 Bf8 16. Bf4 Rxe1+ 17. Qxe1 Qb6 18. Qd2 c4 19. Bd6 Nd4 20. N3xd4 Bxd6 21.
Nxd6 Qxd6 22. Nxb5 Qb6 23. dxc4 dxc4 24. Nc3 Rd8 25. Qe3 Qc6 26. f3 Qxf3 27.
Qxf3 Bxf3 28. Rf1 Bg4 29. Bxg4 Nxg4 30. Rf4 Ne3 31. Re4 Nxc2 32. Rxc4 Rd2 33.
Rc8+ Kh7 34. Rc7 Ne1 35. Rxf7 Rxb2 36. Rxa7 Nf3+ 37. Kf1 Nxh2+ 38. Ke1 Rc2 39.
Nd5 Nf3+ 40. Kf1 Nd2+ 41. Ke2 Nb1+ 42. Kd3 Rd2+ 43. Ke4 1/2-1/2

[Event "Festival Carnevale d'Europa"]
[Site "Cento ITA"]
[Date "2011.02.07"]
[Round "3"]
[White "Rozentalis, Eduardas"]
[Black "Valguarnera, Girolamo"]
[WhiteElo "2588"]
[BlackElo "2164"]
[Result "1-0"]
[PlyCount "67"]
[EventDate "2011.02.05"]

1. e4 c5 2. c3 b6 3. d4 Bb7 4. d5 Nf6 5. Bd3 g6 6. c4 d6 7. f4 Bg7 8. Nf3 O-O
9. O-O Na6 10. Nc3 Nc7 11. e5 Nfe8 12. Be4 a6 13. a4 b5 14. axb5 axb5 15. Rxa8
Qxa8 16. cxb5 f5 17. Bd3 Kh8 18. Bc4 e6 19. dxe6 d5 20. b6 dxc4 21. bxc7 Nxc7
22. e7 Rc8 23. Be3 Nd5 24. Nxd5 Bxd5 25. Qd2 h6 26. Rd1 Bf7 27. Bxc5 Re8 28.
Qd7 Qe4 29. Re1 Qd5 30. Qxd5 Bxd5 31. Rd1 Bxf3 32. gxf3 Kg8 33. Rd8 Kf7 34. e6+
1-0

[Event "Festival Carnevale d'Europa"]
[Site "Cento ITA"]
[Date "2011.02.07"]
[Round "3"]
[White "Solomon, Kenny"]
[Black "Brunello, Marina"]
[WhiteElo "2425"]
[BlackElo "2155"]
[Result "1-0"]
[PlyCount "65"]
[EventDate "2011.02.05"]

1. Nf3 Nf6 2. c4 e6 3. Nc3 d5 4. d4 Be7 5. Bg5 Nbd7 6. e3 O-O 7. Qc2 c6 8. Rd1
Re8 9. Bd3 dxc4 10. Bxc4 Nd5 11. Bxe7 Qxe7 12. O-O Nxc3 13. Qxc3 a6 14. Rfe1 c5
15. a4 b6 16. d5 exd5 17. Bxd5 Ra7 18. Qb3 Rf8 19. e4 Bb7 20. Nd2 Bxd5 21. exd5
Qf6 22. Nc4 Rb7 23. d6 b5 24. Re7 Qf5 25. Ne3 Qf6 26. Qd5 Ra7 27. Qc6 Rd8 28.
axb5 axb5 29. Qxb5 h6 30. Qe2 Ra2 31. Nc4 Nb6 32. Nxb6 Rxb2 33. Nd5 1-0

[Event "Festival Carnevale d'Europa"]
[Site "Cento ITA"]
[Date "2011.02.07"]
[Round "3"]
[White "Umudova, Nargiz"]
[Black "Bossoni, Mario"]
[WhiteElo "2246"]
[BlackElo "1952"]
[Result "1-0"]
[PlyCount "71"]
[EventDate "2011.02.05"]

1. e4 c5 2. Nf3 e6 3. d4 cxd4 4. Nxd4 Nf6 5. Bd3 Nc6 6. Nxc6 dxc6 7. O-O e5 8.
Nd2 Bd6 9. Nc4 Bc7 10. Qe2 O-O 11. a4 Be6 12. Rd1 Qe7 13. b3 Rfd8 14. Bb2 Bxc4
15. Bxc4 Rxd1+ 16. Rxd1 Rd8 17. Bd3 Bb6 18. h3 Bd4 19. Bc1 h6 20. Bd2 a6 21. a5
Rd7 22. g3 Ba7 23. Kg2 Bb8 24. f4 exf4 25. gxf4 Nh7 26. Re1 Nf8 27. e5 Qc5 28.
Bc4 Kh8 29. Bc3 Ng6 30. Qg4 Ba7 31. Rf1 Rd4 32. Bxd4 Qxd4 33. Bxf7 Qe4+ 34. Kh2
Ne7 35. Qd1 Nd5 36. c4 1-0

[Event "Festival Carnevale d'Europa"]
[Site "Cento ITA"]
[Date "2011.02.07"]
[Round "3"]
[White "Valenti, Giuseppe"]
[Black "Cocchi, Andrea"]
[WhiteElo "2133"]
[BlackElo "2281"]
[Result "0-1"]
[PlyCount "78"]
[EventDate "2011.02.05"]

1. f4 c5 2. e4 d5 3. exd5 Qxd5 4. Nc3 Qd8 5. Nf3 Nf6 6. Bb5+ Bd7 7. a4 e6 8.
O-O Be7 9. Kh1 O-O 10. d3 Nc6 11. Ne4 Nd4 12. Bc4 Bc6 13. c3 Nxf3 14. Qxf3 Qd7
15. a5 Rad8 16. Qe2 Bd5 17. Nxf6+ Bxf6 18. Be3 Qc6 19. Qf2 b6 20. axb6 axb6 21.
Rfd1 Bxc4 22. dxc4 g6 23. Qc2 Kg7 24. Kg1 h5 25. b4 cxb4 26. cxb4 Bxa1 27. Rxa1
Ra8 28. Rc1 b5 29. Bc5 Rfd8 30. cxb5 Qxb5 31. Qb2+ Kg8 32. Bd4 Qd3 33. Bh8 Qe3+
34. Kh1 e5 35. Bxe5 Ra2 36. Qb1 Rad2 37. h3 Qe2 38. Rg1 R8d3 39. Kh2 Rxh3+ 0-1

[Event "Festival Carnevale d'Europa"]
[Site "Cento ITA"]
[Date "2011.02.07"]
[Round "3"]
[White "Vezzani, Stefano"]
[Black "Lekic, Dusan"]
[WhiteElo "2168"]
[BlackElo "2389"]
[Result "1/2-1/2"]
[PlyCount "61"]
[EventDate "2011.02.05"]

1. e4 c5 2. Nc3 Nc6 3. g3 g6 4. Bg2 Bg7 5. Nge2 e6 6. d3 Nge7 7. O-O O-O 8. Rb1
d6 9. Bg5 Rb8 10. a3 b5 11. b4 a6 12. Qd2 Nd4 13. Nxd4 cxd4 14. Ne2 Bb7 15. c3
f6 16. Bh6 dxc3 17. Nxc3 e5 18. Bxg7 Kxg7 19. d4 Nc6 20. d5 Nd4 21. Ne2 Nxe2+
22. Qxe2 Rc8 23. Rbc1 Rf7 24. Qd2 Rfc7 25. Bh3 Rxc1 26. Rxc1 Rxc1+ 27. Qxc1 f5
28. Qc2 fxe4 29. Be6 Qe7 30. Kf1 g5 31. Kg1 1/2-1/2

[Event "Festival Carnevale d'Europa"]
[Site "Cento ITA"]
[Date "2011.02.07"]
[Round "3"]
[White "Zoldan, Matteo"]
[Black "Castellano, Alfonso"]
[WhiteElo "2195"]
[BlackElo "1928"]
[Result "1-0"]
[PlyCount "75"]
[EventDate "2011.02.05"]

1. d4 Nf6 2. c4 g6 3. Nc3 Bg7 4. e4 d6 5. f3 O-O 6. Be3 Nc6 7. Nge2 a6 8. Qd2
Rb8 9. Nc1 Bd7 10. Nb3 e5 11. d5 Ne7 12. O-O-O b5 13. c5 b4 14. Ne2 Ba4 15. c6
Bxb3 16. axb3 a5 17. Kb1 Ra8 18. Nc1 Qb8 19. Bc4 Nc8 20. Qd3 Nb6 21. Ba6 Qa7
22. Bb5 Qb8 23. Ba6 Qa7 24. Bb5 Qb8 25. Ba4 Nh5 26. g3 f5 27. Rdf1 f4 28. Bf2
Qd8 29. g4 Nf6 30. h4 Qe7 31. Rd1 Rab8 32. Bb5 Bh8 33. Rhe1 Ne8 34. Ba6 Ra8 35.
Bb7 Ra7 36. Qb5 Ng7 37. Bxb6 Qd8 38. Bf2 1-0

[Event "Festival Carnevale d'Europa"]
[Site "Cento ITA"]
[Date "2011.02.08"]
[Round "4"]
[White "Albinelli, Alberto"]
[Black "Litrico, Paolo"]
[WhiteElo "1817"]
[BlackElo "1954"]
[Result "0-1"]
[PlyCount "58"]
[EventDate "2011.02.05"]

1. d4 f5 2. Nc3 Nf6 3. Bg5 d5 4. Bxf6 exf6 5. e3 Be6 6. Bd3 Nc6 7. a3 Qd7 8.
Qf3 O-O-O 9. Nge2 g6 10. O-O h5 11. Nf4 Bf7 12. Bb5 h4 13. Nd3 g5 14. Na2 Bh5
15. g4 Bxg4 16. Qh1 Bh3 17. Rfc1 f4 18. Qf3 Re8 19. c4 Be6 20. Ndb4 g4 21. Qd1
g3 22. cxd5 gxf2+ 23. Kxf2 fxe3+ 24. Ke1 e2 25. Qa4 Bxb4+ 26. Nxb4 Bxd5 27.
Nxc6 Bxc6 28. Qxa7 Qd5 29. Bxc6 bxc6 0-1

[Event "Festival Carnevale d'Europa"]
[Site "Cento ITA"]
[Date "2011.02.08"]
[Round "4"]
[White "Ansell, Simon T."]
[Black "Bruno, Fabio"]
[WhiteElo "2423"]
[BlackElo "2436"]
[Result "1-0"]
[PlyCount "122"]
[EventDate "2011.02.05"]

1. d4 d5 2. c4 c6 3. Nf3 Nf6 4. e3 e6 5. b3 Nbd7 6. Bd3 Bb4+ 7. Bd2 Bd6 8. Bc3
Ne4 9. O-O f5 10. Bb2 Qf6 11. Ba3 Bxa3 12. Nxa3 b6 13. Nd2 O-O 14. f3 Nd6 15.
Nc2 c5 16. cxd5 exd5 17. Nb1 Bb7 18. Nc3 f4 19. exf4 Qxf4 20. Qc1 Qf6 21. Qd2
Rac8 22. Rac1 c4 23. Be2 Rfe8 24. Rfe1 b5 25. b4 Nf8 26. Bf1 Ne6 27. Re5 Nf7
28. Re3 Bc6 29. Rce1 Nc7 30. g3 Rxe3 31. Rxe3 Bd7 32. f4 Bf5 33. Ne1 a5 34. a3
axb4 35. axb4 Qd6 36. Qb2 Nd8 37. Nf3 Nc6 38. Na2 Be4 39. Ne5 Nxe5 40. fxe5 Qh6
41. Qd2 Ne6 42. Nc3 Ng5 43. Bg2 Bxg2 44. Kxg2 Qh3+ 45. Kg1 Ra8 46. Qd1 Qf5 47.
g4 Qe6 48. h3 Qh6 49. Kg2 Rf8 50. Nxb5 Ne6 51. Rf3 Nf4+ 52. Kh2 g5 53. Nc3 Qb6
54. b5 Ra8 55. Qd2 Qa5 56. h4 h6 57. Qc2 Kg7 58. h5 Qb6 59. Rxf4 gxf4 60. Nxd5
Qd8 61. Qg6+ Kf8 1-0

[Event "Festival Carnevale d'Europa"]
[Site "Cento ITA"]
[Date "2011.02.08"]
[Round "4"]
[White "Astengo, Corrado"]
[Black "Bentivegna, Francesco"]
[WhiteElo "2146"]
[BlackElo "2348"]
[Result "0-1"]
[PlyCount "58"]
[EventDate "2011.02.05"]

1. e4 e6 2. d4 d5 3. Nd2 Nf6 4. e5 Nfd7 5. Bd3 c5 6. c3 Nc6 7. Ne2 cxd4 8. cxd4
f6 9. Nf4 Nxd4 10. Qh5+ Ke7 11. Ng6+ hxg6 12. exf6+ Nxf6 13. Qxh8 Kf7 14. Qh4
e5 15. O-O Bf5 16. Bxf5 gxf5 17. Nf3 Nxf3+ 18. gxf3 Bc5 19. Bg5 Qh8 20. Qxh8
Rxh8 21. Rac1 Bd6 22. Rfd1 Ke6 23. Re1 Nd7 24. Rcd1 e4 25. fxe4 fxe4 26. f3 Ne5
27. fxe4 Nf3+ 28. Kf2 Nxg5 29. exd5+ Kd7 0-1

[Event "Festival Carnevale d'Europa"]
[Site "Cento ITA"]
[Date "2011.02.08"]
[Round "4"]
[White "Baldazzi, Stefano"]
[Black "Fierro Baquero, Martha Lorena"]
[WhiteElo "2180"]
[BlackElo "2363"]
[Result "0-1"]
[PlyCount "78"]
[EventDate "2011.02.05"]

1. c4 g6 2. g3 Bg7 3. Bg2 Nf6 4. Nc3 O-O 5. e4 d6 6. Nge2 c5 7. O-O Nc6 8. d3
a6 9. f4 Rb8 10. Rb1 Bd7 11. h3 b5 12. f5 Ne5 13. b3 b4 14. Na4 e6 15. g4 exf5
16. exf5 Re8 17. Ng3 Bc6 18. g5 Bxg2 19. Kxg2 Nfd7 20. f6 Bf8 21. d4 cxd4 22.
Qxd4 Nc5 23. Nb2 Qa5 24. Na4 Nxa4 25. bxa4 Rbc8 26. Qd5 Qxa4 27. Rb2 Nxc4 28.
Rbf2 Rc5 29. Qf3 Ne5 30. Qd1 Qc6+ 31. Kh2 Rc3 32. Bb2 Rd3 33. Qc1 Qd5 34. Qf4
Nc4 35. Bc1 Re5 36. Rc2 Rc3 37. Rcf2 a5 38. h4 Rd3 39. Rc2 Rd4 0-1

[Event "Festival Carnevale d'Europa"]
[Site "Cento ITA"]
[Date "2011.02.08"]
[Round "4"]
[White "Binder, Andrea"]
[Black "Lapenna, Antonio"]
[WhiteElo "1915"]
[BlackElo "2137"]
[Result "0-1"]
[PlyCount "84"]
[EventDate "2011.02.05"]

1. Nf3 Nf6 2. g3 g6 3. Bg2 Bg7 4. O-O O-O 5. d3 d5 6. Nbd2 d4 7. e4 dxe3 8.
fxe3 c5 9. Nc4 Nc6 10. e4 Be6 11. Ne3 h6 12. Qe2 Nd4 13. Qf2 Ng4 14. Nxg4 Bxg4
15. Be3 e5 16. Qd2 Kh7 17. h3 Be6 18. b3 Qe7 19. c3 Nxf3+ 20. Rxf3 Rfd8 21. Qc2
b6 22. Rf2 Qd7 23. Bf1 Bxh3 24. Be2 Bg4 25. Bf1 Qe7 26. Rh2 h5 27. Qc1 Qe6 28.
Rb1 f5 29. exf5 Bxf5 30. Rbb2 Bxd3 31. Bg2 e4 32. Rf2 Qe5 33. Rf7 Rf8 34. Bf4
Qe6 35. Rc7 Rf7 36. Bh3 Qe8 37. Rxf7 Qxf7 38. g4 Rf8 39. Be3 Qf3 40. gxh5 gxh5
41. Bg2 Qg4 42. Bf2 Bh6 0-1

[Event "Festival Carnevale d'Europa"]
[Site "Cento ITA"]
[Date "2011.02.08"]
[Round "4"]
[White "Borgo, Giulio"]
[Black "Buriani, Andrea"]
[WhiteElo "2401"]
[BlackElo "2171"]
[Result "1/2-1/2"]
[PlyCount "77"]
[EventDate "2011.02.05"]

1. e4 e5 2. Nf3 Nc6 3. Bb5 a6 4. Ba4 Nf6 5. Bxc6 bxc6 6. Nc3 d6 7. d4 exd4 8.
Qxd4 c5 9. Qd3 Nd7 10. Bg5 Be7 11. Bxe7 Qxe7 12. Nd5 Qd8 13. O-O O-O 14. Rfe1
f6 15. c3 Bb7 16. b4 Bxd5 17. exd5 a5 18. Re4 axb4 19. cxb4 Re8 20. Rxe8+ Qxe8
21. Re1 Qf7 22. bxc5 Nxc5 23. Qd2 h6 24. h3 Ra4 25. Re3 f5 26. a3 f4 27. Re1
Rxa3 28. Qb4 Ra8 29. Qd4 Ra4 30. Qb2 Ra8 31. Qd2 Ra4 32. Rb1 Ra8 33. Rb4 Rf8
34. Kh2 Qf5 35. Rc4 Rf7 36. Ne1 Qe5 37. Nf3 Qf5 38. Ne1 Qe5 39. Nf3 1/2-1/2

[Event "Festival Carnevale d'Europa"]
[Site "Cento ITA"]
[Date "2011.02.08"]
[Round "4"]
[White "Boscolo, Federico"]
[Black "Rozentalis, Eduardas"]
[WhiteElo "2196"]
[BlackElo "2588"]
[Result "0-1"]
[PlyCount "28"]
[EventDate "2011.02.05"]

1. e4 e5 2. Nf3 Nc6 3. Bb5 Nge7 4. d4 Nxd4 5. Nxd4 exd4 6. Bg5 h6 7. Bh4 c6 8.
Bc4 Qa5+ 9. c3 d5 10. exd5 cxd5 11. Bb3 Be6 12. O-O Nf5 13. Ba4+ b5 14. Re1
Qxa4 0-1

[Event "Festival Carnevale d'Europa"]
[Site "Cento ITA"]
[Date "2011.02.08"]
[Round "4"]
[White "Brunello, Sabino"]
[Black "De Santis, Alessio"]
[WhiteElo "2540"]
[BlackElo "2289"]
[Result "1-0"]
[PlyCount "53"]
[EventDate "2011.02.05"]

1. e4 b6 2. d4 Bb7 3. Bd3 Nf6 4. Qe2 Nc6 5. c3 e5 6. Nf3 Bd6 7. Bg5 h6 8. Bh4
O-O 9. d5 Nb8 10. Nbd2 Re8 11. O-O Be7 12. Nxe5 d6 13. Bxf6 Bxf6 14. Ng4 Bxd5
15. Nxh6+ gxh6 16. Qg4+ Bg7 17. exd5 Qg5 18. Qxg5 hxg5 19. f4 Re3 20. Bf5 gxf4
21. Rxf4 Na6 22. Ne4 Re2 23. Raf1 Rxb2 24. Ng5 Nc5 25. Bh7+ Kh8 26. Rh4 f6 27.
Nf7# 1-0

[Event "Festival Carnevale d'Europa"]
[Site "Cento ITA"]
[Date "2011.02.08"]
[Round "4"]
[White "Caprio, Guido"]
[Black "Leon Hoyos, Manuel"]
[WhiteElo "2272"]
[BlackElo "2565"]
[Result "1-0"]
[PlyCount "67"]
[EventDate "2011.02.05"]

1. e4 c5 2. Nf3 d6 3. d4 cxd4 4. Nxd4 Nf6 5. Nc3 a6 6. Bc4 e6 7. Bb3 b5 8. O-O
Be7 9. Qf3 Qb6 10. Be3 Qb7 11. Qg3 b4 12. Na4 O-O 13. Bh6 Ne8 14. Rfe1 Bd7 15.
Rad1 Nc6 16. Nf3 Na5 17. e5 d5 18. Rd4 Kh8 19. Bg5 f6 20. exf6 Nxf6 21. Bxd5
Nxd5 22. Bxe7 Nxe7 23. Nc5 Qc8 24. Rxd7 Qxc5 25. Re5 Qxc2 26. Rxe7 Rg8 27. h4
Nc6 28. Rc7 Rac8 29. Rxe6 Qb1+ 30. Re1 Qxa2 31. Ng5 Rxc7 32. Qxc7 Nd8 33. Qc2
g6 34. Qc7 1-0

[Event "Festival Carnevale d'Europa"]
[Site "Cento ITA"]
[Date "2011.02.08"]
[Round "4"]
[White "Caruso, Augusto"]
[Black "Collutiis, Duilio"]
[WhiteElo "2256"]
[BlackElo "2463"]
[Result "1/2-1/2"]
[PlyCount "60"]
[EventDate "2011.02.05"]

1. e4 e5 2. Nf3 Nc6 3. Bc4 Nf6 4. d4 exd4 5. O-O d6 6. Nxd4 Be7 7. Nc3 O-O 8.
Nxc6 bxc6 9. h3 Nd7 10. f4 Nb6 11. Bb3 Kh8 12. Qf3 c5 13. Bd5 Nxd5 14. Nxd5 f5
15. e5 Be6 16. c4 Re8 17. Nxe7 Rxe7 18. b3 d5 19. Ba3 dxc4 20. bxc4 Qd4+ 21.
Kh2 Rb8 22. Rac1 Qd2 23. Rf2 Qa5 24. Qe3 Rd7 25. Qxc5 Qxc5 26. Bxc5 a6 27. Rcc2
Kg8 28. Rf3 Rbd8 29. h4 Rd2 30. Rf2 R2d3 1/2-1/2